Т. 1 : Теория и методология; Методы социально-экономического прогнозирования

書誌詳細
Parent link:Методы социально-экономического прогнозирования: в 2 т./ И. С. Светуньков, С. Г. Светуньков; Высшая школа экономики (ВШЭ), Национальный исследовательский университет (НИУ). Т. 1 : Теория и методология.— , 2014.— 978-5-9916-4033-6
要約:В учебнике рассмотрены современные методы социально-экономического прогнозирования, чаще всего используемые на практике. Существенная часть экономических решений нацелена на получение результатов в будущем, поэтому для принятия верного управленческого решения необходимо грамотное социально-экономическое прогнозирование, невозможное без знания соответствующих методов и моделей. В связи с этим обязательным условием подготовки высококвалифицированного экономиста и менеджера является изучение им дисциплины «Методы социально-экономического прогнозирования».Первый том учебника содержит основные положения современной теории прогностики и ее методологические основы. Здесь же определяются отличительные особенности социально-экономических процессов от процессов другой природы и выделяются те свойства экономической динамики, которые следует учитывать при прогнозировании. Рассматриваются вопросы сбора и обработки данных об объекте прогнозирования; объясняются методы прогнозирования стационарных однородных и неоднородных социально-экономических процессов. Соответствует Федеральному государственному образовательному стандарту высшего образования четвертого поколения.Для студентов академического бакалавриата, но может быть полезен магистрантам, аспирантам и докторантам, а также практикующим специалистам, занимающимся прогнозированием социально-экономических процессов.
言語:ロシア語
出版事項: 2014
主題:
フォーマット: MixedMaterials 図書
KOHA link:https://koha.lib.tpu.ru/cgi-bin/koha/opac-detail.pl?biblionumber=263520

MARC

LEADER 00000nam2a2200000 4500
001 263520
005 20231101233739.0
010 |a 9785991640312 
035 |a (RuTPU)RU\TPU\book\286505 
090 |a 263520 
100 |a 20140609d2014 m y0rusy50 ca 
101 0 |a rus 
102 |a RU 
105 |a a j 000zy 
200 0 |a Т. 1 : Теория и методология 
210 |d 2014 
215 |a 351 с.  |c ил. 
330 |a В учебнике рассмотрены современные методы социально-экономического прогнозирования, чаще всего используемые на практике. Существенная часть экономических решений нацелена на получение результатов в будущем, поэтому для принятия верного управленческого решения необходимо грамотное социально-экономическое прогнозирование, невозможное без знания соответствующих методов и моделей. В связи с этим обязательным условием подготовки высококвалифицированного экономиста и менеджера является изучение им дисциплины «Методы социально-экономического прогнозирования».Первый том учебника содержит основные положения современной теории прогностики и ее методологические основы. Здесь же определяются отличительные особенности социально-экономических процессов от процессов другой природы и выделяются те свойства экономической динамики, которые следует учитывать при прогнозировании. Рассматриваются вопросы сбора и обработки данных об объекте прогнозирования; объясняются методы прогнозирования стационарных однородных и неоднородных социально-экономических процессов. Соответствует Федеральному государственному образовательному стандарту высшего образования четвертого поколения.Для студентов академического бакалавриата, но может быть полезен магистрантам, аспирантам и докторантам, а также практикующим специалистам, занимающимся прогнозированием социально-экономических процессов. 
461 1 |0 (RuTPU)RU\TPU\book\291488  |y 978-5-9916-4033-6  |t Методы социально-экономического прогнозирования  |o в 2 т.  |o учебник и практикум для академического бакалавриата  |f И. С. Светуньков, С. Г. Светуньков  |g Высшая школа экономики (ВШЭ), Национальный исследовательский университет (НИУ)  |v Т. 1 : Теория и методология  |d 2014  |s Бакалавр. Академический курс 
606 1 |a Экономическое прогнозирование  |2 stltpush  |3 (RuTPU)RU\TPU\subj\37458  |9 58431 
610 1 |a социальное прогнозирование 
610 1 |a обработка данных 
610 1 |a социально-экономические процессы 
610 1 |a методы 
610 1 |a методики 
610 1 |a статистические гипотезы 
610 1 |a учебники 
610 1 |a практикумы 
686 |a У9(2)230.38я73  |v LBC/SL-A  |2 rubbk 
801 1 |a RU  |b 63413507  |c 20140609 
801 2 |a RU  |b 63413507  |c 20150624  |g RCR 
942 |c BK 
959 |a 102/20140609  |d 2  |e 399,00  |f ЧЗГЛ:1  |f АНЛ:1